| 000 | 00876cam a2200229 4500 | ||
|---|---|---|---|
| 001 | ABS64885 | ||
| 008 | 011220n2001 000 0 eng u | ||
| 035 | _a(Sirsi) u116083 | ||
| 100 | _aSmith, M. | ||
| 245 | _aHow can a right of way be wrong? | ||
| 260 | _c2001 | ||
| 490 |
_aEstates Gazette _v(0148) 1 December 2001, 121-122(2) |
||
| 520 | _aAnalysis of the restrictive covenants attached to development land. Argues that not all easements are created by written deed and lists the ways in which restrictive covenants can be overcome. These include, insuring against it or having it released by application to the Lands Tribunal. | ||
| 590 | _aABS | ||
| 650 | _aRESTRICTIVE COVENANTS | ||
| 650 | _aDEVELOPMENT LAND | ||
| 650 | _aEASEMENTS | ||
| 650 | _aWHEELDON V BURROWS | ||
| 650 | _aLANDS TRIBUNAL | ||
| 690 | _aPROPERTY-PROPERTY DEVELOPMENT | ||
| 942 | _n0 | ||
| 999 |
_c69150 _d69150 |
||